LEADER 00603nas a2200157 i 4500 001 000000031412 003 CaOOAMICUS 005 20180830125449.0 008 180830n it u0 ita u 040 $aSeMil$bita 245 13$aIl problema del Decentramento Politico /$cCollana di Studi diretta da Tommaso Zerbi. 260 $aComo ; Milano :$bMarzorati,$c1945. 300 $av. ;$c21 cm. 700 1 $aZerbi, Tommaso.$0(OLS)http://semarc/name/14500 996 $6245$aIl problema del Decentramento Politico$9(OLS)http://semarc/title/42709 996 $6260$aComo ; Milano :$bMarzorati$9(OLS)http://semarc/publisher/38892 LEADER 01030nam a2200217 i 4500 001 000000182829 003 CaOOAMICUS 005 20091031000000.0 008 091031s1980 it u000 u ita u 013 $a160790 040 $aSeMil$bita 245 10$aChiesa :$bpopolo che si libera. Il cammino delle comunità di base. Terzo incontro delle comunità ecclesiali di base in Brasile /$cLeonard Boff ... [et al.]. 260 $aBologna :$bEMI,$cstampa 1980. 300 $a153 p. ;$c19 cm. 490 0 $aQuaderni Asal ;$vNuova serie13. 650 4$aComunità di base.$0(OLS)http://semarc/subject/6206 830 0$aQuaderni Asal ;$vNuova serie13.$0(OLS)http://semarc/title/11326 850 $aSeMil 852 $aSeMil$W1$xVenegono$y1$m3E I 239$j133533$B133533$CSeMilBibl$Z2$F145303 $81 996 $6245$aChiesa :$bpopolo che si libera. Il cammino delle comunità di base. Terzo incontro delle comunità ecclesiali di base in Brasile$9(OLS)http://semarc/title/262353 996 $6260$aBologna :$bEMI$9(OLS)http://semarc/publisher/29618